000 00574nam a2200229Ia 4500
003 OSt
005 20221005114932.0
006 a|||||r|||| 00| 0
007 ta
008 221004b |||||||| |||| 00| 0 kan d
024 _a61916
037 _cTextual
040 _aCRL
_cCRL
_bkan
041 _2kan
_akan
082 _aYd2,N5, 33K9
100 _aNanjammanni Au.
_9626793
245 0 _aBharatiya samajika samsthegalu
260 _c1959
650 _aSOCIOLOGY
942 _hYd2,N5, 33K9
_cTEXL
_2cc
999 _c1032857
_d1032857